000
00273 a2200133 4500
001
154564
040
_c
Escola São Tomás de Aquino
240
1
0
_a
Entre amigos
_l
por
245
1
0
_a
Entre amigos
300
_a
119
440
1
_a
Moderna
697
_a
RELIGIÃO
942
_c
BK
999
_c
154564
_d
154564